[Event "IECC KO email"]
[Site "IECC email"]
[Date "2000.01.09"]
[Round "?"]
[White "Derks, Daan"]
[Black "Andersson, Paul"]
[Result "0-1"]
[WhiteElo "1783"]
[BlackElo "1925"]
[PlyCount "56"]
[EventDate "2000.??.??"]
[EventType "tourn (corr)"]
[EventRounds "6"]
[SourceTitle "Corr 2008"]
[Source "ChessBase"]
[SourceDate "2008.06.24"]
[SourceVersion "1"]
[SourceVersionDate "2008.06.24"]
[SourceQuality "1"]

1. e4 e6 2. d4 d5 3. e5 c5 4. c3 Nc6 5. Nf3 Bd7 6. Bd3 cxd4 7. cxd4 Qb6 8. 0-0 Nxd4 9. Nxd4 Qxd4 10. Nc3 Qxe5 11. Re1 Qb8 12. Nxd5 Bd6 13. Qg4 Kf8 14. Bd2 h5 15. Qh3 Nh6 16. Ne3 Kg8 17. Bc3 Bc7 18. Qxh5 Nf5 19. Qg4 Rh4 20. Qd1 Nxe3 21. Rxe3 Bxh2+ 22. Kf1 Bf4 23. Rh3 Rxh3 24. gxh3 Qd6 25. Qe2 e5 26. Qf3 Rd8 27. Re1 Qe6 28. h4 Qh3+ 0-1